000
00305nam a22001337a 4500
008
170817b xxu||||| |||| 00| 0 eng d
020
_a
9780394358192
041
_a
eng
080
_a
51
100
_a
36
101
_a
MAT
245
_a
INTRODUCTION TO DISCRETE MATHEMATICS
_c
ELIECE,R.J
942
_2
udc
_c
BK
999
_c
24030
_d
24030